000 00706nam a22002177a 4500
003 0
005 20250830105307.0
008 250830b xxu||||| |||| 00| 0 eng d
020 _a978-1-03-248038-1
050 _aGV 1781
_b.F37 2025
100 _aFarmer, Matthew,
_eauthor.
245 _aTeaching dance improvisation :
_ba beginner's guide /
_cMatthew Farmer.
260 _aNew York, NY :
_bRoutledge,
_c2025.
300 _aviii, 195 pages :
_billustrations ;
_c24 cm.
504 _aIncludes bibliographical references and index.
650 _aDance
_xStudy and teaching.
650 _aDance
_xImprovisation.
650 _aCreative ability in dance.
650 _aMovement education.
942 _2lcc
_cBK
999 _c367712
_d367712